Premier Warehousing and Distribution Company Ltd v Leicester City Council (Record no. 65872)

MARC details
000 -LEADER
fixed length control field 01766cam a2200265 4500
001 - CONTROL NUMBER
control field ABS63413
008 - FIXED-LENGTH DATA ELEMENTS--GENERAL INFORMATION
fixed length control field 000000n2000 000 0 eng u
035 ## - SYSTEM CONTROL NUMBER
System control number (Sirsi) u110494
245 ## - TITLE STATEMENT
Title Premier Warehousing and Distribution Company Ltd v Leicester City Council
260 ## - PUBLICATION, DISTRIBUTION, ETC.
Date of publication, distribution, etc. 2000
490 ## - SERIES STATEMENT
Series statement Rating and Valuation Reporter
Volume/sequential designation [2000] RVR 351-356(6)
520 ## - SUMMARY, ETC.
Summary, etc. LT 6 July 2000. P sought compensation for the compulsory acquisition of a warehouse and distribution depot. The issue was the value of building B, a 128,882 sf single storey steel frame and cavity brickwork warehouse with a pitched asbestos sheet roof, the length of which ran a loading platform 3ft 6in high. P put this at £2,319,876 (£18 psf), L at £1,546,584 (£12 psf). Although it was accepted by both parties that the site was contaminated, P claimed that this would not affect the comparables whilst L said that a prospective purchaser would have reduced his bid to the lower end of the range of values. "Held": the compensation payable to P for building B was £1,675,466 (£13 psf) as the L's method of comparison was preferred; the valuation of building B was to be based on comparables which indicated a value of £13.25 -£13.50 psf, subject to adjustment for greater size, contamination and the loading platform.
590 ## - LOCAL NOTE (RLIN)
Local note ABS
650 ## - SUBJECT ADDED ENTRY--TOPICAL TERM
Topical term or geographic name entry element CARBON DIOXIDE
650 ## - SUBJECT ADDED ENTRY--TOPICAL TERM
Topical term or geographic name entry element COMPARABLES
650 ## - SUBJECT ADDED ENTRY--TOPICAL TERM
Topical term or geographic name entry element CONTAMINATED LAND
650 ## - SUBJECT ADDED ENTRY--TOPICAL TERM
Topical term or geographic name entry element Contamination
9 (RLIN) 6231
650 ## - SUBJECT ADDED ENTRY--TOPICAL TERM
Topical term or geographic name entry element DISTRIBUTION CENTRES
650 ## - SUBJECT ADDED ENTRY--TOPICAL TERM
Topical term or geographic name entry element METHANE
650 ## - SUBJECT ADDED ENTRY--TOPICAL TERM
Topical term or geographic name entry element PREMIER WAREHOUSING AND DISTRIBUTION COMPANY LTD V LEICESTER CC
650 ## - SUBJECT ADDED ENTRY--TOPICAL TERM
Topical term or geographic name entry element Valuation
9 (RLIN) 6273
650 ## - SUBJECT ADDED ENTRY--TOPICAL TERM
Topical term or geographic name entry element WAREHOUSES
690 ## - LOCAL SUBJECT ADDED ENTRY--TOPICAL TERM (OCLC, RLIN)
Topical term or geographic name as entry element ENVIRONMENTAL AND LAND CONSULTANCY-PLANNING AND DEVELOPMENT-COMPULSORY PURCHASE AND COMPENSATION
942 ## - ADDED ENTRY ELEMENTS (KOHA)
Suppress in OPAC 0
Holdings
Withdrawn status Lost status Source of classification or shelving scheme Damaged status Not for loan Home library Current library Shelving location Date acquired Total Checkouts Full call number Barcode Date last seen Copy number Price effective from Koha item type
    Dewey Decimal Classification     London London Journal article 24/01/2001   ABS63413 110494-1001 06/08/2019 1 06/08/2019 Law report